| 000 | 00598nam a2200205Ia 4500 | ||
|---|---|---|---|
| 003 | OSt | ||
| 005 | 20251215163034.0 | ||
| 008 | 220923b |||||||| |||| 00| 0 urd d | ||
| 037 | _cTB | ||
| 040 |
_aARTS _cARTS _burd |
||
| 041 |
_2urd _aurd |
||
| 100 |
_aNaheed, Kishwar _9193492 |
||
| 245 | 0 |
_aBuri aurat ki katha _b Autobiography |
|
| 260 |
_aNew Delhi, India: _b Har Anand Publications, _c1995. |
||
| 300 |
_a148p. _ccm. |
||
| 365 |
_b150.00 _cINR |
||
| 650 |
_aURDU FICTION _93298 |
||
| 942 |
_hO168,3N40w, N5 _cTB _2CC _n0 |
||
| 999 |
_c416715 _d416715 |
||